000 00737nam a22002057a 4500
999 _c20435
_d20435
003 AR-CdUCM
008 190401b ||||| |||| 00| 0 spa d
040 _aMUNICIPALIDAD PROVINCIAL DEL CUSCO
_cBIBLIOTECA MUNICIPAL DEL CUSCO
082 _a343.3 /
_bF39
100 _aFerrero, Raul
_93683
245 _aTeoría del estado :
_bDerecho constitucional /
260 _aLima :
_bLibrería studium /
_c1971.
300 _a483 páginas ;
_c25 cm.
505 _aContenido: Teoría del estado -- El poder político -- Estado, sociedad y nación -- Personalidad jurídica del estado...
650 _aLeyes sociales
_927226
650 _aEstado y derechos
_942221
650 _aDerechos humanos
_93264
942 _2ddc
_cLIBROS
945 _arcc